[Event "XXXV C.to Italiano a squadre A2.5"]
[Site "ITA"]
[Date "2003.??.??"]
[Round "2"]
[White "Evangelisti, Claudio R."]
[Black "Baccaro, Franco"]
[Result "1-0"]
[WhiteElo "2240"]
[BlackElo "2174"]
[PlyCount "53"]
[EventDate "2003.02.16"]

1. d4 c5 2. e3 d5 3. c4 cxd4 4. exd4 Nf6 5. Nc3 Nc6 6. Nf3 Bg4 7. Be3 e6 8. h3
Bxf3 9. Qxf3 Bb4 10. Bd3 dxc4 11. Bxc4 O-O 12. O-O Rc8 13. Rfd1 Qa5 14. Rac1
Rfd8 15. Bb3 Rc7 16. d5 exd5 17. Nxd5 Nxd5 18. Rxd5 Rxd5 19. Qxd5 Qxd5 20. Bxd5
Rc8 21. Rc4 Bd6 22. b4 Rd8 23. Bxc6 bxc6 24. Bxa7 Ra8 25. Bc5 Bxc5 26. Rxc5
Rxa2 27. Ra5 1-0

[Event "XXXV C.to Italiano a squadre A2.5"]
[Site "ITA"]
[Date "2003.03.??"]
[Round "3"]
[White "Jones, Gawain C.B."]
[Black "Albano, Marco"]
[Result "1-0"]
[WhiteElo "2271"]
[BlackElo "2230"]
[PlyCount "97"]
[EventDate "2003.02.16"]

1. e4 e5 2. Nf3 Nc6 3. Nc3 Nf6 4. Bb5 Bc5 5. O-O O-O 6. Nxe5 Nxe5 7. d4 Bxd4 8.
Qxd4 d6 9. f4 Ng6 10. f5 Ne5 11. Bg5 c6 12. Be2 Qb6 13. Qxb6 axb6 14. Rad1 Rd8
15. Bf4 Rd7 16. a4 Kf8 17. Be3 c5 18. Bf4 h6 19. Bb5 Ke7 20. Bxd7 Bxd7 21. b3
Bc6 22. Rfe1 Rg8 23. Re2 g5 24. Bg3 h5 25. Rb1 h4 26. Bxe5 dxe5 27. b4 cxb4 28.
Rxb4 Rd8 29. Rxb6 Rd4 30. a5 Nd7 31. Rb1 Nc5 32. Nd5+ Bxd5 33. exd5 Kd6 34. c3
Rxd5 35. c4 Rd4 36. Rb6+ Kc7 37. Rf6 Rd7 38. Rxe5 Rd1+ 39. Kf2 Nd3+ 40. Ke2
Re1+ 41. Kxd3 Rxe5 42. Rxf7+ Kc6 43. f6 Rxa5 44. Ke4 Rc5 45. Re7 Rxc4+ 46. Kf5
Rc2 47. f7 Rxg2 48. Re6+ Kd5 49. Rf6 1-0

[Event "XXXI Gold Cup"]
[Site "Merano - Meran ITA"]
[Date "2003.05.03"]
[Round "3"]
[White "Stark, Ingo"]
[Black "Bucher, Rolf"]
[Result "1-0"]
[WhiteElo "2163"]
[BlackElo "2080"]
[PlyCount "51"]
[EventDate "2003.05.01"]

1.e4 d6 2.d4 Nf6 3.Nc3 g6 4.Nf3 Bg7 5.Be2 c6 6.O-O O-O 7.h3 b5 8.a3 a6 9.
Be3 Qc7 10.Qc1 Re8 11.Bh6 Nbd7 12.Bxg7 Kxg7 13.Qe3 e5 14.dxe5 dxe5 15.Rad1
Nf8 16.Rd2 Ne6 17.Rfd1 Bb7 18.g3 Re7 19.Bf1 Rd7 20.Rxd7 Nxd7 21.h4 Nf6 22.
Bh3 Re8 23.Rd3 Bc8 24.Kh2 Nf8 25.Qc5 Bxh3 26.Kxh3 {...} 1-0

[Event "XXXI Gold Cup"]
[Site "Merano - Meran ITA"]
[Date "2003.05.04"]
[Round "4"]
[White "Erenska, Hanna"]
[Black "Jacob, Konrad"]
[Result "1-0"]
[WhiteElo "2212"]
[BlackElo "2049"]
[PlyCount "26"]
[EventDate "2003.05.01"]

1.e4 c6 2.d3 d5 3.Nd2 dxe4 4.dxe4 Nd7 5.Ngf3 e6 6.g3 Be7 7.Bg2 Ngf6 8.O-O 
O-O 9.Qe2 Qc7 10.h3 b6 11.e5 Nd5 12.c4 Nb4 13.a3 Na6 {...} 1-0

[Event "XXXI Gold Cup"]
[Site "Merano - Meran ITA"]
[Date "2003.05.05"]
[Round "5"]
[White "Stark, Ingo"]
[Black "Erenska, Hanna"]
[Result "1/2-1/2"]
[WhiteElo "2163"]
[BlackElo "2212"]
[PlyCount "115"]
[EventDate "2003.05.01"]

1.e4 d5 2.exd5 Nf6 3.d4 Nxd5 4.Nf3 g6 5.c4 Nb6 6.h3 Bg7 7.Be3 O-O 8.Nc3 
Nc6 9.Qd2 e5 10.d5 Ne7 11.g4 f5 12.Bh6 Nd7 13.Bxg7 Kxg7 14.Be2 Ng8 15.
O-O-O a6 16.Rdg1 f4 17.Ne4 Qe7 18.Qc3 b5 19.b3 bxc4 20.Bxc4 Re8 21.Re1 h6 
22.Re2 Bb7 23.Rhe1 Rad8 24.Ned2 Qf6 25.Kc2 Nb6 26.Rxe5 Rxe5 27.Qxe5 Qxe5 
28.Rxe5 Nxd5 29.Ne4 Nb4+ 30.Kc3 Nxa2+ 31.Kb2 Nb4 32.Kc3 Nd5+ 33.Kb2 Nde7 
34.Ne1 Rd6 35.Nc5 Bc8 36.Ned3 g5 37.Ne4 Rb6 38.Ndc5 Ng6 39.Rd5 N8e7 40.Rd8
Ne5 41.Be2 a5 42.Kc2 N5c6 43.Rd2 Nb4+ 44.Kc1 Be6 45.Nxe6+ Rxe6 46.f3 Ned5 
47.Bc4 c6 48.h4 gxh4 49.Rh2 Re5 50.Rxh4 Ne3 51.Be2 Rd5 52.Rh1 Kg6 53.Kb2 
Nd3+ 54.Kc3 Ne5 55.Ra1 Kg7 56.Rb1 Nd7 57.Ra1 Nb6 58.Bd3 1/2-1/2

[Event "XXXI Gold Cup"]
[Site "Merano - Meran ITA"]
[Date "2003.05.06"]
[Round "6"]
[White "Erenska, Hanna"]
[Black "Bucher, Rolf"]
[Result "1-0"]
[WhiteElo "2212"]
[BlackElo "2080"]
[PlyCount "84"]
[EventDate "2003.05.01"]

1.e4 g6 2.d4 Bg7 3.c3 d6 4.h3 Nf6 5.Bd3 e5 6.Nf3 Nbd7 7.Bc2 O-O 8.O-O Re8 
9.Re1 h6 10.Nbd2 Nf8 11.dxe5 dxe5 12.Nc4 N6d7 13.Bb3 Qe7 14.Ne3 Nf6 15.Nd5
Qd6 16.c4 c6 17.c5 Qd8 18.Nc3 Be6 19.Be3 Qa5 20.Qc2 Qc7 21.Red1 Rad8 22.
Rxd8 Rxd8 23.Rd1 Nh5 24.Ne2 Kh7 25.Rxd8 Qxd8 26.g4 Bxb3 27.Qxb3 Nf4 28.
Bxf4 exf4 29.Kg2 Qe7 30.Nxf4 Qf6 31.Nd3 Ne6 32.Qxb7 Nd4 33.Nde5 Nxf3 34.
Nxf3 Qe6 35.b3 a5 36.e5 Bf8 37.Qa7 a4 38.Qxa4 Bxc5 39.Qc4 Qe7 40.Nd2 Qxe5 
41.Qxf7+ Kh8 42.Qxg6 Qf4 1-0

[Event "XXXI Gold Cup"]
[Site "Merano - Meran ITA"]
[Date "2003.05.06"]
[Round "6"]
[White "Stark, Ingo"]
[Black "Muscolino, Attilio"]
[Result "1-0"]
[WhiteElo "2163"]
[BlackElo "2155"]
[PlyCount "75"]
[EventDate "2003.05.01"]

1.e4 c5 2.Nf3 e6 3.d4 cxd4 4.Nxd4 Nf6 5.Nc3 d6 6.g4 h6 7.Bg2 Be7 8.Be3 a6 
9.Qe2 Qc7 10.O-O-O Nc6 11.Nxc6 bxc6 12.h4 e5 13.g5 Ng4 14.Bd2 Qb6 15.Rdf1 
Rb8 16.b3 hxg5 17.Bf3 Nf6 18.hxg5 Rxh1 19.Rxh1 Nd7 20.Rh8+ Nf8 21.g6 Be6 
22.gxf7+ Bxf7 23.Bh5 g6 24.Bg4 Bf6 25.Rh6 Bg7 26.Rh1 a5 27.Na4 Qd4 28.Bc3 
Qa7 29.f4 Ne6 30.fxe5 Nf4 31.Qd2 dxe5 32.Bxa5 Qe7 33.Rd1 Qa3+ 34.Kb1 Nd5 
35.exd5 cxd5 36.Bb6 d4 37.Qa5 Rxb6 38.Qxb6 1-0

[Event "XXXI Gold Cup"]
[Site "Merano - Meran ITA"]
[Date "2003.05.07"]
[Round "7"]
[White "Jacob, Konrad"]
[Black "Stark, Ingo"]
[Result "0-1"]
[WhiteElo "2049"]
[BlackElo "2163"]
[PlyCount "62"]
[EventDate "2003.05.01"]

1.e4 c5 2.Nf3 d6 3.d4 cxd4 4.c3 Nf6 5.e5 dxe5 6.Nxe5 a6 7.Bc4 e6 8.O-O Qc7
9.cxd4 Bd6 10.Qe2 O-O 11.Bg5 Be7 12.Bf4 Qb6 13.Be3 Qd6 14.Nd2 Nbd7 15.Ndf3
b5 16.Bb3 Bb7 17.Nxd7 Qxd7 18.Ne5 Qd6 19.Rac1 Rac8 20.Rfd1 Nd5 21.Nd3 Rc6 
22.Rxc6 Qxc6 23.Rc1 Nc3 24.Qg4 Ne2+ 25.Kf1 Nxc1 26.Bxc1 h5 27.Qh3 Qe4 28.
Nc5 Bxc5 29.dxc5 Bd5 30.Bxd5 Qxd5 31.Qf3 Qc4+ 0-1

[Event "XXXI Gold Cup"]
[Site "Merano - Meran ITA"]
[Date "2003.05.07"]
[Round "7"]
[White "Muscolino, Attilio"]
[Black "Erenska, Hanna"]
[Result "0-1"]
[WhiteElo "2155"]
[BlackElo "2212"]
[PlyCount "74"]
[EventDate "2003.05.01"]

1.e4 c5 2.Nf3 a6 3.c3 e6 4.d4 cxd4 5.cxd4 d5 6.e5 Nc6 7.Nc3 f6 8.exf6 Nxf6
9.Bd3 Bd6 10.O-O O-O 11.Bg5 Qe8 12.Ne2 Bd7 13.Ng3 Rc8 14.Rc1 Qf7 15.Re1 
Kh8 16.a3 Ng4 17.Be3 Nxe3 18.fxe3 g6 19.Rc3 Qg7 20.Bb1 Na5 21.Rd3 Bb5 22.
Rd2 Nc4 23.Rf2 Qc7 24.Nf1 a5 25.e4 Bf4 26.e5 a4 27.Nh4 Qe7 28.Qg4 Bg5 29.
Rxf8+ Rxf8 30.Nf3 Bh6 31.Qh3 Kg7 32.Qg4 Nxb2 33.h4 Nd3 34.Rd1 Nf4 35.Ng3 
Qxa3 36.Ng5 Qxg3 37.Kh1 Qf2 {...} 0-1